Statistics for Artists by Works

Click here to take the quiz!

General Stats

  • This quiz has been taken 50 times
    (48 since last reset)
  • The average score is 10 of 15

Answer Stats

Answer% Correct
Andy Warhol
96%
Auguste Rodin
94%
Michelangelo Buonarotti
91%
Rembrandt van Rijn
91%
Vincent van Gogh
91%
Edouárd Manet
81%
Pierre-Auguste Renoir
74%
Salvador Dalí
74%
Sandro Botticelli
70%
Heironymous Bosch
60%
Eugene Delacroix
57%
Hans Holbein
53%
Francisco Goya
40%
Jacques-Louis David
34%
Gutzon Borglum
15%

Score Distribution

Percentile by Number Answered

Percent of People with Each Score

Your Score History

You have not taken this quiz since the last reset